000 01314nam0a22002891 4500
001 rc\4324655
005 20201026134927.0
021 _aRU
_b[64-105256]
035 _a(NLR Aleph) 008514343
090 _a8188820
_c8188820
100 _a20130416d1964 |||y0rusy50 ca
101 0 _arus
102 _aRU
105 _aa ac |||||
200 1 _aВнутренние воды Карелии и их использование
_eБиблиогр. аннотир. указатель
_fПод ред. К.И. Шафрановского
_gГос. публ. б-ка Карел. АССР. Б-ка Акад. наук СССР
210 _aПетрозаводск
_cКарел. кн. изд-во
_d1964
215 _a618 с.
_cсхем.
_d27
606 _aВодные ресурсы
_yКарельская АССР
_jБиблиография
_2psbo
700 1 _aГригорьев
_bС. В.
_f1888-
_gСергей Владимирович
702 1 _aШафрановский
_bК. И.
_f1900-1973
_gКонстантин Илларионович
_4340
712 0 2 _aПубличная библиотека Карельской АССР
_cПетрозаводск
_3RU\NLR\AUTH\889083
801 0 _aRU
_bNLR
_gpsbo
801 1 _aRU
_bELAR
_2rusmarc
852 _aNLR
_jС177-420/Г-83
942 _cBOOK
980 _aNB